| 000 | 00000cam 2200000zi 4500 |
| 001 | 9.951052 |
| 003 | CaOODSP |
| 005 | 20251211152436 |
| 006 | m o d f |
| 007 | cr cn |||||||| |
| 008 | 250513t20252025bccbdo ob f000 0 eng d |
| 020 | |a9780660772752 |
| 040 | |aCaOODSP|beng|erda|cCaOODSP |
| 041 | |aeng|beng|bfre |
| 043 | |an-cn-bc |
| 086 | 1 |aFs97-6/3700E-PDF |
| 100 | 1 |aProudfoot, Beatrice, |eauthor. |
| 245 | 10|aCoastal biodiversity survey (PAC2021-035) in the Strait of Georgia and central coast of Pacific Canada : |b2021 cruise report / |cBeatrice Proudfoot, Carolyn K. Robb, Michelle Paleczny, Katie S.P. Gale, Benjamin Snow, Andrew Clark, Trevor Shepard, Andrew Vanier, Lily Burke, Kristen Westfall, Sarah Dudas, Emily M. Rubidge, Tammy Norgard. |
| 264 | 1|aNanaimo, British Columbia : |bFisheries and Oceans Canada, Science Branch, Pacific Region, Pacific Biological Station, |c2025. |
| 264 | 4|c©2025 |
| 300 | |a1 online resource (x, 80 pages) : |bmaps, colour photographs, chart. |
| 336 | |atext|btxt|2rdacontent |
| 337 | |acomputer|bc|2rdamedia |
| 338 | |aonline resource|bcr|2rdacarrier |
| 490 | 1 |aCanadian technical report of fisheries and aquatic sciences, |x1488-5379 ; |v3700 |
| 504 | |aIncludes bibliographical references (page 56). |
| 546 | |aIncludes abstracts in English and French. |
| 650 | 0|aCoastal biodiversity|zBritish Columbia|zPacific Coast. |
| 650 | 0|aZoological surveys|zBritish Columbia|zPacific Coast. |
| 650 | 0|aHabitat surveys|zBritish Columbia|zPacific Coast. |
| 650 | 6|aBiodiversité littorale|zColombie-Britannique|zPacifique, Côte du. |
| 650 | 6|aInventaires fauniques|zColombie-Britannique|zPacifique, Côte du. |
| 650 | 6|aHabitat (Écologie)|xInventaires|zColombie-Britannique|zPacifique, Côte du. |
| 710 | 1 |aCanada. |bDepartment of Fisheries and Oceans. |bPacific Region. |bScience Branch, |eissuing body. |
| 710 | 1 |aCanada. |bDepartment of Fisheries and Oceans. |bPacific Biological Station, |eissuing body. |
| 830 | #0|aCanadian technical report of fisheries and aquatic sciences ;|v3700.|w(CaOODSP)9.504449 |
| 856 | 40|qPDF|s6.92 MB|uhttps://publications.gc.ca/collections/collection_2025/mpo-dfo/fs97-6/Fs97-6-3700-eng.pdf |